| 000 | 00623nam a2200169Ia 4500 | ||
|---|---|---|---|
| 008 | 140429s9999 xx 000 0 und d | ||
| 020 | _a9789712725586 | ||
| 050 |
_aJZ 1763 _b.F928 2011 |
||
| 245 |
_aFrontlines of diplomacy : _bconversations with Philippine Ambassadors : an oral history project of the Foreign Service Institute / _cJ. Eduardo Malaya, editor. |
||
| 260 |
_aPhilippines : _bAnvil Pub., _cc2011. |
||
| 300 |
_a283 p. : _bill. ; _c23 cm. |
||
| 500 | _aIncludes bibliographical references. | ||
| 521 | _aGE | ||
| 650 | _aDiplomatic and Consular service, Philippines. | ||
| 942 |
_kLOC _cBK |
||
| 999 |
_c115745 _d115745 |
||